[Event "Najdorf Mem Open A 2014"]
[Site "Warsaw POL"]
[Date "2014.07.14"]
[Round "1.23"]
[White "Erzhanov, Arman"]
[Black "Markowski, Tomasz"]
[Result "1/2-1/2"]
[WhiteTitle "FM"]
[BlackTitle "GM"]
[WhiteElo "2278"]
[BlackElo "2572"]
[WhiteFideId "4138821"]
[BlackFideId "1105680"]
[EventDate "2014.07.14"]

1. e4 c5 2. Nf3 e6 3. c3 Nf6 4. e5 Nd5 5. d4 cxd4 6. cxd4 d6 7. a3 Bd7 8. Bd3
Bc6 9. O-O Be7 10. Qe2 Nd7 11. Bd2 dxe5 12. Nxe5 Nxe5 13. dxe5 O-O 14. Nc3 Nxc3
15. Bxc3 Qd5 16. f3 Rfd8 17. Rfd1 g6 18. Kh1 Qb3 19. Qf2 Qa4 20. Bc2 Qa6 21.
Rxd8+ Rxd8 22. Rd1 Bd5 23. Bd4 Rc8 24. Rd3 b6 25. Rc3 Rxc3 26. Bxc3 Bc5 27. Qe1
Qc4 28. h3 h5 29. Bd1 Bd4 30. Kh2 h4 31. Qd2 Bxc3 32. bxc3 Kf8 33. Be2 Qc5 34.
Qh6+ Kg8 35. Qxh4 Qe3 36. Qd8+ Kh7 37. Qh4+ Kg8 38. Qd8+ Kh7 1/2-1/2

[Event "Najdorf Mem Open A 2014"]
[Site "Warsaw POL"]
[Date "2014.07.14"]
[Round "1.24"]
[White "Olszewski, Michal"]
[Black "Arman, Deniz"]
[Result "1-0"]
[WhiteTitle "GM"]
[BlackTitle "FM"]
[WhiteElo "2553"]
[BlackElo "2272"]
[WhiteFideId "1121251"]
[BlackFideId "6302106"]
[EventDate "2014.07.14"]

1. Nf3 Nf6 2. c4 c5 3. Nc3 Nc6 4. d4 cxd4 5. Nxd4 g6 6. Nc2 Bg7 7. e4 d6 8. Be2
O-O 9. O-O Bd7 10. Be3 Qa5 11. Rb1 Nb4 12. Na3 Bc6 13. f3 Nd7 14. Qd2 Qd8 15.
Nab5 a5 16. a3 Na6 17. Nd4 Nc7 18. b4 axb4 19. axb4 Nf6 20. Nb3 Qb8 21. Rfc1 b6
22. Nd4 Be8 23. c5 bxc5 24. bxc5 Qd8 25. c6 Rc8 26. Na4 e5 27. Nb5 Ne6 28. Na7
Ra8 29. Rb7 Rxa7 30. Rxa7 d5 31. Nc5 Nc7 32. Qa5 1-0

[Event "Najdorf Mem Open A 2014"]
[Site "Warsaw POL"]
[Date "2014.07.14"]
[Round "1.25"]
[White "Gasik, Anna"]
[Black "Bernadskiy, Vitaliy"]
[Result "0-1"]
[WhiteTitle "WIM"]
[BlackTitle "IM"]
[WhiteElo "2261"]
[BlackElo "2550"]
[WhiteFideId "1121952"]
[BlackFideId "14100371"]
[EventDate "2014.07.14"]

1. e4 c5 2. Nf3 Nc6 3. d4 cxd4 4. Nxd4 Qb6 5. Nb3 Nf6 6. Nc3 e6 7. g3 Bb4 8. Bg2
Qa6 9. Qd3 b6 10. Bf4 Qxd3 11. cxd3 Ba6 12. O-O-O Rc8 13. a3 Bxc3 14. bxc3 Ng4
15. Rd2 Nce5 16. Bxe5 Nxe5 17. Kc2 g5 18. f4 gxf4 19. gxf4 Ng6 20. Rf1 Rg8 21.
Rf3 Ke7 22. Nd4 Rc5 23. Kb2 Nh4 24. Rg3 Rxg3 25. hxg3 Nxg2 26. Rxg2 Bxd3 27. e5
h5 28. Rh2 Bg6 29. Re2 f6 30. exf6+ Kxf6 31. a4 a6 32. Nf3 d6 33. Rd2 Ke7 34.
Re2 Be8 35. Nd4 Bd7 36. Kb3 Ra5 37. Kb2 Kf6 38. Rh2 Bxa4 39. g4 hxg4 40. Rh6+
Kf7 41. Rxe6 Rh5 42. Rxd6 g3 43. f5 g2 44. Rg6 Rh2 45. Ka3 Bd7 46. Rg3 Rh3 47.
Rxg2 Rxc3+ 48. Kb4 Rc5 49. Rg6 a5+ 50. Kb3 b5 51. Rb6 Rc4 52. Ne6 Ke7 53. Ka3
Bc6 54. Nd4 b4+ 55. Kb3 Bd5 0-1

[Event "Najdorf Mem Open A 2014"]
[Site "Warsaw POL"]
[Date "2014.07.14"]
[Round "1.26"]
[White "Tomczak, Jacek"]
[Black "Strugnell, Carl"]
[Result "1-0"]
[WhiteTitle "GM"]
[BlackTitle "FM"]
[WhiteElo "2547"]
[BlackElo "2258"]
[WhiteFideId "1124668"]
[BlackFideId "616753"]
[EventDate "2014.07.14"]

1. e4 e6 2. d4 d5 3. Nc3 Nf6 4. e5 Nfd7 5. f4 c5 6. Nf3 Nc6 7. Be3 Be7 8. a3 O-O
9. dxc5 Bxc5 10. Bxc5 Nxc5 11. b4 Nd7 12. Bd3 f6 13. O-O Qb6+ 14. Kh1 Qe3 15.
Ng5 fxg5 16. Qh5 h6 17. Qg6 Nf6 18. exf6 Rxf6 19. Qh7+ Kf8 20. fxg5 Qxg5 21.
Rxf6+ gxf6 22. Bg6 1-0

[Event "Najdorf Mem Open A 2014"]
[Site "Warsaw POL"]
[Date "2014.07.14"]
[Round "1.27"]
[White "Nowicki, Bartosz"]
[Black "Indjic, Aleksandar"]
[Result "1-0"]
[BlackTitle "GM"]
[WhiteElo "2256"]
[BlackElo "2542"]
[WhiteFideId "1179730"]
[BlackFideId "911925"]
[EventDate "2014.07.14"]

1. e4 g6 2. d4 Bg7 3. Nc3 d6 4. f4 a6 5. Nf3 b5 6. Bd3 Bb7 7. e5 Nd7 8. Qe2 Nh6
9. Ne4 O-O 10. O-O c5 11. c3 Qb6 12. dxc5 Nxc5 13. Nxc5 Qxc5+ 14. Be3 Qc7 15.
Bd4 Bxf3 16. Rxf3 e6 17. Rh3 Rad8 18. a4 dxe5 19. Bxe5 Qb6+ 20. Kh1 Rd5 21. Be4
Rd7 22. a5 Qd8 23. Bxg7 Rd2 24. Qxd2 Qxd2 25. Bxf8 Kxf8 26. Rxh6 Qxb2 27. Rb1
Qxc3 28. Rxh7 Qxa5 29. Bxg6 fxg6 30. Rc1 Kg8 31. Rd7 1-0

[Event "Najdorf Mem Open A 2014"]
[Site "Warsaw POL"]
[Date "2014.07.14"]
[Round "1.28"]
[White "Jakubowski, Krzysztof"]
[Black "Warszawski, Bartosz"]
[Result "1/2-1/2"]
[WhiteTitle "GM"]
[WhiteElo "2537"]
[BlackElo "2247"]
[WhiteFideId "1112848"]
[BlackFideId "1110799"]
[EventDate "2014.07.14"]

1. c4 e6 2. d4 d5 3. Nc3 c5 4. cxd5 exd5 5. Nf3 Nc6 6. Bf4 Nf6 7. e3 c4 8. Be2
Bb4 9. O-O Bxc3 10. bxc3 Ne4 11. Qc2 Bf5 12. Qb2 O-O 13. Rac1 h6 14. h3 g5 15.
Bh2 Qe7 16. Ne5 Nxe5 17. Bxe5 Rfe8 18. Rce1 Bg6 19. f3 Nc5 20. e4 Qd7 21. Rd1
Nd3 22. Bxd3 cxd3 23. Rxd3 dxe4 24. Re3 exf3 25. Rexf3 Re6 26. Rf6 Rxf6 27. Rxf6
Rc8 28. Rd6 Qe7 29. Qa3 Kh7 30. c4 Rc6 31. c5 Rxd6 32. cxd6 Qe6 33. Qxa7 Be4 34.
Qa5 f6 35. Bg3 Bc6 36. d5 Bxd5 37. Qc7+ Kg6 38. d7 Qe4 39. Kf2 Qxg2+ 40. Ke3
Qe4+ 41. Kd2 Qd4+ 42. Kc2 Be4+ 43. Kb3 Bd5+ 44. Kc2 Be4+ 45. Kb3 Bd5+ 46. Ka3
Qa7+ 47. Kb2 Qxa2+ 48. Kc3 Qa1+ 49. Kb4 Qd4+ 50. Ka5 Bc6 1/2-1/2

[Event "Najdorf Mem Open A 2014"]
[Site "Warsaw POL"]
[Date "2014.07.14"]
[Round "1.29"]
[White "Plichta, Kamil"]
[Black "Dragun, Kamil"]
[Result "0-1"]
[BlackTitle "GM"]
[WhiteElo "2247"]
[BlackElo "2518"]
[WhiteFideId "1141830"]
[BlackFideId "1134167"]
[EventDate "2014.07.14"]

1. d4 d5 2. c4 e6 3. Nc3 Bb4 4. a3 Bxc3+ 5. bxc3 c5 6. cxd5 exd5 7. e3 Nc6 8.
Bd3 Nge7 9. Qh5 c4 10. Bc2 h6 11. f3 Be6 12. Ne2 Qd7 13. O-O g5 14. e4 O-O-O 15.
Ng3 f5 16. exf5 Nxf5 17. Re1 Nh4 18. a4 Rdf8 19. Ba3 Rf4 20. Ne2 Bf7 21. Nxf4
Bxh5 22. Nxh5 Qf7 23. Ng3 Re8 24. Nf1 b6 25. Ne3 h5 26. Bd6 Ne7 27. a5 b5 28. a6
Kd7 29. Bc5 Nc6 30. Rab1 Qf4 31. Nf1 Rxe1 32. Rxe1 g4 33. fxg4 hxg4 34. Ba3 Nxg2
35. Kxg2 Qf3+ 36. Kg1 Qxc3 37. Bf5+ Kc7 38. Re3 Qxd4 39. Kg2 b4 40. Bc1 Qd1 41.
Bd2 c3 42. Bxc3 bxc3 43. Rxc3 Qe2+ 44. Kg1 Qe5 45. Ne3 d4 0-1

[Event "Najdorf Mem Open A 2014"]
[Site "Warsaw POL"]
[Date "2014.07.14"]
[Round "1.30"]
[White "Romanishin, Oleg M"]
[Black "Lewicki, Miroslaw"]
[Result "1-0"]
[WhiteTitle "GM"]
[BlackTitle "CM"]
[WhiteElo "2502"]
[BlackElo "2242"]
[WhiteFideId "14100088"]
[BlackFideId "1113380"]
[EventDate "2014.07.14"]

1. Nf3 d5 2. g3 c5 3. Bg2 Nc6 4. d4 Nf6 5. O-O e6 6. c4 dxc4 7. Ne5 Nxd4 8. e3
Nf5 9. Qxd8+ Kxd8 10. Nxf7+ Ke8 11. Nxh8 Be7 12. Na3 Nd6 13. e4 Nd7 14. Rd1 Kf8
15. e5 Nf5 16. Nxc4 Kg8 17. Nd6 Bxd6 18. exd6 Kxh8 19. g4 Nd4 20. b3 Rb8 21. Bb2
Ne2+ 22. Kh1 Nf4 23. Rd2 Kg8 24. Re1 b5 25. Be4 g5 26. h4 gxh4 27. f3 c4 28. Bd4
Ba6 29. Bxa7 Rc8 30. b4 Rf8 31. Bd4 e5 32. Bc3 Rf7 33. Kh2 Kf8 34. Re3 h5 35.
gxh5 1-0

[Event "Najdorf Mem Open A 2014"]
[Site "Warsaw POL"]
[Date "2014.07.14"]
[Round "1.31"]
[White "Cukrowski, Filip"]
[Black "Popilski, Gil"]
[Result "1-0"]
[BlackTitle "GM"]
[WhiteElo "2230"]
[BlackElo "2500"]
[WhiteFideId "1171097"]
[BlackFideId "2809060"]
[EventDate "2014.07.14"]

1. e4 c5 2. Nf3 d6 3. d4 cxd4 4. Nxd4 Nf6 5. Nc3 a6 6. Bg5 Nbd7 7. Qe2 h6 8. Bh4
g6 9. O-O-O e5 10. Nb3 Be7 11. Kb1 b5 12. Qd3 Bb7 13. Be2 Rc8 14. Bxf6 Nxf6 15.
Nd5 Bxd5 16. exd5 Qb6 17. Rhf1 O-O 18. f4 exf4 19. Rxf4 Nd7 20. h4 Ne5 21. Qg3
Qc7 22. Nd4 Rfe8 23. Rdf1 Qc5 24. Bd3 Qxd5 25. Nf5 Bf8 26. Ne3 Qe6 27. Bf5 Qe7
28. Nd5 Qb7 29. Nf6+ Kh8 30. Be4 Qe7 31. Nxe8 Rxe8 32. Bd5 Bg7 33. c3 Rf8 34.
Qe3 Qc7 35. g4 Kh7 36. g5 h5 37. a4 bxa4 38. Rxa4 a5 39. Raf4 Qd7 40. Qb6 a4 41.
Ka2 Qh3 42. Qb7 a3 43. Rxf7 Nxf7 44. Rxf7 Rxf7 45. Qxf7 Qc8 46. bxa3 Qb8 47. Be4
Qb5 48. Qxg6+ Kg8 49. Qe6+ Kf8 50. Bg6 1-0

[Event "Najdorf Mem Open A 2014"]
[Site "Warsaw POL"]
[Date "2014.07.14"]
[Round "1.32"]
[White "Raznikov, Danny"]
[Black "Wiewiora, Eneasz"]
[Result "1-0"]
[WhiteTitle "IM"]
[WhiteElo "2500"]
[BlackElo "2218"]
[WhiteFideId "2811154"]
[BlackFideId "1140396"]
[EventDate "2014.07.14"]

1. d4 e6 2. c4 f5 3. Nf3 Nf6 4. g3 d5 5. Bg2 c6 6. O-O Bd6 7. Nc3 O-O 8. Qc2 Ne4
9. Rb1 a5 10. Bf4 Bxf4 11. gxf4 Nd7 12. e3 b6 13. Rfc1 Ba6 14. cxd5 exd5 15.
Nxe4 fxe4 16. Ng5 Rf6 17. Qb3 a4 18. Qxa4 h6 19. Nxe4 dxe4 20. Bxe4 Qe8 21. Bf3
Kh8 22. Qc2 Rg6+ 23. Kh1 Bb7 24. a3 Ra5 25. Rg1 Rxg1+ 26. Rxg1 Nf6 27. Qg6 Qd7
28. Qg2 Ra7 29. Rc1 c5 30. Bxb7 Rxb7 31. Rd1 Qg4 32. Qxg4 Nxg4 33. Kg2 Rd7 34.
Kf3 Nf6 35. e4 Rxd4 36. Rxd4 cxd4 37. e5 Nd5 38. Ke4 d3 39. Kxd3 Nxf4+ 40. Kc4
Kg8 41. Kb5 Nd3 42. b4 Nxe5 43. a4 Kf7 44. a5 bxa5 45. bxa5 Nd7 46. a6 Nf6 47.
a7 Nd5 48. Kc6 1-0

[Event "Najdorf Mem Open A 2014"]
[Site "Warsaw POL"]
[Date "2014.07.14"]
[Round "1.33"]
[White "Polok, Kacper"]
[Black "Debashis, Das"]
[Result "0-1"]
[BlackTitle "GM"]
[WhiteElo "2215"]
[BlackElo "2484"]
[WhiteFideId "1137158"]
[BlackFideId "5024854"]
[EventDate "2014.07.14"]

1. e4 c5 2. Nf3 d6 3. d4 cxd4 4. Nxd4 Nf6 5. Nc3 a6 6. Bg5 Nbd7 7. f4 e6 8. Qd3
b5 9. O-O-O Bb7 10. e5 dxe5 11. fxe5 Nxe5 12. Qg3 Qb8 13. Ndxb5 Be7 14. Re1 axb5
15. Bxb5+ Nc6 16. Bf4 Qc8 17. Qxg7 Rg8 18. Qh6 Rg6 19. Qh3 Ba6 20. Qf3 Bb7 21.
h4 Kf8 22. h5 Nb4 23. Qf2 Rg4 24. Rhf1 Nxa2+ 25. Nxa2 Rxa2 26. Bh6+ Kg8 27. Re5
Ra1+ 28. Kd2 Bb4+ 29. Kd3 Ra3+ 30. bxa3 Qc3+ 31. Ke2 Qxc2+ 32. Ke3 Re4+ 0-1

[Event "Najdorf Mem Open A 2014"]
[Site "Warsaw POL"]
[Date "2014.07.14"]
[Round "1.34"]
[White "Kanarek, Marcel"]
[Black "Teglas, Balazs"]
[Result "1-0"]
[WhiteTitle "IM"]
[WhiteElo "2471"]
[BlackElo "2213"]
[WhiteFideId "1126822"]
[BlackFideId "727130"]
[EventDate "2014.07.14"]

1. d4 Nf6 2. c4 g6 3. Nc3 Bg7 4. e4 d6 5. Be2 O-O 6. Nf3 Bg4 7. O-O Nfd7 8. Be3
Nc6 9. Ne1 Bxe2 10. Nxe2 Na5 11. Rc1 c5 12. b3 cxd4 13. Bxd4 Nc6 14. Bxg7 Kxg7
15. Rc3 Nf6 16. Re3 Qa5 17. Nc3 a6 18. Qa1 Kg8 19. Nd5 Nxd5 20. exd5 Ne5 21. Nc2
b5 22. Nd4 bxc4 23. f4 Qxd5 24. fxe5 dxe5 25. Nf3 f6 26. Rd1 Qb5 27. a4 Qb6 28.
Qc3 Qxb3 29. Qxb3 cxb3 30. Rxb3 Rab8 31. Rdb1 Rxb3 32. Rxb3 Rd8 33. Rb6 e4 34.
Ne1 Rd6 35. Rxd6 exd6 36. Nc2 Kf7 37. Nb4 a5 38. Nc6 Ke6 39. Nxa5 Kd5 40. Kf2
Kc5 41. Nb3+ 1-0

[Event "Najdorf Mem Open A 2014"]
[Site "Warsaw POL"]
[Date "2014.07.14"]
[Round "1.35"]
[White "Halak, Miklos"]
[Black "Givon, Asaf"]
[Result "1/2-1/2"]
[BlackTitle "IM"]
[WhiteElo "2213"]
[BlackElo "2452"]
[WhiteFideId "726400"]
[BlackFideId "2801841"]
[EventDate "2014.07.14"]

1. e4 c5 2. c3 d5 3. exd5 Qxd5 4. d4 Nc6 5. Nf3 Bf5 6. Be2 cxd4 7. cxd4 e6 8.
Nc3 Qd6 9. O-O Nf6 10. Be3 Be7 11. a3 O-O 12. Rc1 a6 13. h3 Rfd8 14. Qb3 b5 15.
Rfd1 Na5 16. Qa2 Ne4 17. Ne5 Nxc3 18. Rxc3 Rac8 19. Rdc1 Rxc3 20. Rxc3 Be4 21.
b4 Nc6 22. Nxc6 Bxc6 23. Qc2 Bd5 24. Bd3 g6 25. Rc8 Kg7 26. Qc1 h5 27. Rc3 Bf6
28. Bh6+ Kg8 29. Bf4 e5 30. dxe5 Bxe5 31. Bxe5 1/2-1/2

[Event "Najdorf Mem Open A 2014"]
[Site "Warsaw POL"]
[Date "2014.07.14"]
[Round "1.36"]
[White "Lei, Tingjie"]
[Black "Cajbel, Maciej"]
[Result "1-0"]
[WhiteElo "2450"]
[BlackElo "2206"]
[WhiteFideId "8605114"]
[BlackFideId "1123475"]
[EventDate "2014.07.14"]

1. Nf3 c5 2. c4 Nc6 3. Nc3 g6 4. g3 Bg7 5. Bg2 e5 6. a3 a5 7. O-O Nf6 8. e3 O-O
9. d4 d6 10. h3 Nd7 11. d5 Ne7 12. Rb1 h6 13. Nb5 Nb6 14. Qe2 a4 15. Bd2 f5 16.
Bc3 Kh7 17. Nd2 Ng8 18. Kh2 Qe7 19. Rfe1 Nf6 20. Qd1 Bd7 21. Nc7 Rac8 22. Ne6
Bxe6 23. dxe6 Qxe6 24. Bxb7 Rb8 25. Bg2 Nxc4 26. Nxc4 Qxc4 27. Qxd6 Ne4 28. Bxe4
fxe4 29. Kg1 Rbd8 30. Qe7 Rde8 31. Qd7 Rd8 32. Qc7 Rc8 33. Qb7 Rb8 34. Qa7 Ra8
35. Qd7 Rad8 36. Qe7 Rde8 37. Qh4 Rf3 38. Rbd1 Ref8 39. Rd2 Qf7 40. Ree2 Qc4 41.
Qe7 R3f5 42. Qd7 h5 43. Qd5 Qb5 44. Qxe4 R8f7 45. Kg2 Qa6 46. Rc2 Qb5 47. Red2
Bh6 48. Rd5 h4 49. Qxh4 Rf3 50. Rxe5 Qc6 51. e4 Qd6 52. Re8 Rxc3 53. bxc3 Kg7
54. Qd8 Qc6 55. Re7 1-0

[Event "Najdorf Mem Open A 2014"]
[Site "Warsaw POL"]
[Date "2014.07.14"]
[Round "1.37"]
[White "Wisniowska, Klaudia"]
[Black "Luch, Michal"]
[Result "1/2-1/2"]
[WhiteTitle "WFM"]
[BlackTitle "IM"]
[WhiteElo "2186"]
[BlackElo "2447"]
[WhiteFideId "1181238"]
[BlackFideId "1120042"]
[EventDate "2014.07.14"]

1. e4 c5 2. Nf3 e6 3. d4 cxd4 4. Nxd4 Nc6 5. Nc3 Qc7 6. Be2 a6 7. O-O Nf6 8. Be3
Bb4 9. Na4 O-O 10. c4 Nxe4 11. c5 f5 12. Bf3 Qe5 13. Nxc6 bxc6 14. Bd4 Qf4 15.
Be3 Qe5 16. Bd4 Qf4 17. Be3 Qe5 1/2-1/2

[Event "Najdorf Mem Open A 2014"]
[Site "Warsaw POL"]
[Date "2014.07.14"]
[Round "1.38"]
[White "Krysztofiak, Marcin"]
[Black "Warakomska, Anna"]
[Result "1-0"]
[WhiteTitle "IM"]
[BlackTitle "WFM"]
[WhiteElo "2423"]
[BlackElo "2158"]
[WhiteFideId "1114751"]
[BlackFideId "1130790"]
[EventDate "2014.07.14"]

1. Nf3 d5 2. g3 c6 3. Bg2 Nf6 4. O-O Bg4 5. d3 Nbd7 6. h3 Bxf3 7. Bxf3 e5 8. c4
dxc4 9. dxc4 e4 10. Bg2 Bc5 11. e3 O-O 12. Nc3 Qe7 13. Qc2 Rfe8 14. b3 Bd6 15.
Rd1 Be5 16. Bb2 Qe6 17. Nxe4 Bxb2 18. Qxb2 Nxe4 19. Bxe4 Qxh3 20. Bg2 Qf5 21.
Rd4 Ne5 22. Qe2 Rad8 23. Rad1 Qf6 24. Qd2 Rxd4 25. Qxd4 Nf3+ 26. Bxf3 Qxf3 27.
Qd7 Rf8 28. Rd4 c5 29. Rf4 Qe2 30. Qxb7 Qxa2 31. Kg2 a5 32. Qb5 g6 33. Qxc5 Qxb3
34. Qxa5 Qb7+ 35. Qd5 Qc7 36. Rf6 Rc8 37. Rd6 Qxc4 38. Rd8+ Kg7 39. Qe5+ Kh6 40.
Rd4 Qc6+ 41. Kh2 f6 42. Rh4+ 1-0

[Event "Najdorf Mem Open A 2014"]
[Site "Warsaw POL"]
[Date "2014.07.14"]
[Round "1.39"]
[White "Goslawski, Michal"]
[Black "Matuszewski, Michal"]
[Result "0-1"]
[BlackTitle "IM"]
[WhiteElo "2156"]
[BlackElo "2416"]
[WhiteFideId "1171259"]
[BlackFideId "1129775"]
[EventDate "2014.07.14"]

1. c4 c6 2. Nf3 d5 3. g3 Nf6 4. Bg2 e6 5. O-O dxc4 6. Na3 b5 7. Ne5 Bxa3 8. Nxc6
Qb6 9. Nxb8 Rxb8 10. bxa3 Bb7 11. Bb2 O-O 12. Qc2 Bxg2 13. Kxg2 Rfd8 14. Be5
Rbc8 15. Qb2 Qc6+ 16. Kg1 Ne4 17. Bf4 a6 18. Rfc1 Qd5 19. Rc2 f6 20. Qb4 Qf5 21.
Qb2 h5 22. Rac1 e5 23. Be3 h4 24. d3 Nd6 25. dxc4 Rxc4 26. Rd2 Rxc1+ 27. Qxc1
Rc8 28. Qd1 Nc4 29. Qb3 Kh8 30. Rc2 Rd8 31. Rc1 Qe4 32. gxh4 Qg4+ 33. Kf1 Qe4
34. Kg1 Qg4+ 35. Kf1 Qxh4 36. Kg2 Qg4+ 37. Kf1 Qh3+ 38. Kg1 f5 39. Bg5 Qg4+ 40.
Qg3 Rd4 41. e3 Rd1+ 42. Rxd1 Qxd1+ 43. Kg2 Qd3 44. Qh3+ Kg8 45. Qh5 Qd7 46. Qg6
Nd2 47. h4 Qd5+ 48. Kg1 Qf3 49. Bf6 Qd1+ 0-1

[Event "Najdorf Mem Open A 2014"]
[Site "Warsaw POL"]
[Date "2014.07.14"]
[Round "1.40"]
[White "Mu, Ke"]
[Black "Jarmula, Pawel"]
[Result "1/2-1/2"]
[WhiteElo "2409"]
[BlackElo "2140"]
[WhiteFideId "8602778"]
[BlackFideId "1146211"]
[EventDate "2014.07.14"]

1. d4 Nf6 2. c4 e6 3. Nc3 Bb4 4. e3 O-O 5. Ne2 b6 6. a3 Bxc3+ 7. Nxc3 d5 8. Qf3
Bb7 9. Bd2 Nbd7 10. cxd5 exd5 11. Rc1 c5 12. Be2 Qe7 13. O-O Rfd8 14. Rfd1 Rac8
15. Be1 h6 16. Qg3 cxd4 17. Rxd4 Nc5 18. Rcd1 Nce4 19. Qh4 Ng5 20. Bb5 Ne6 21.
R4d2 Ng5 22. Ba4 Nfe4 23. Qf4 Nxd2 24. Bxd2 Ne4 25. Bb3 Qf6 26. Qxf6 Nxf6 27.
Be1 Ba6 28. f3 Bc4 29. Bc2 Re8 30. Kf2 Re7 31. Rd4 g6 32. Bd2 Rec7 33. Bd1 a5
34. Rf4 Rc6 35. Ba4 Rd6 36. Rd4 Rcd8 37. Bc2 Ne8 38. Rh4 h5 39. g4 hxg4 40. Rxg4
Ng7 41. Be1 f5 42. Rg2 Kf7 43. Ne2 Ne6 44. Bb1 d4 45. Nxd4 Nxd4 46. exd4 Rxd4
47. Bc3 Rd1 48. Bc2 Rf1+ 49. Ke3 Bd5 50. Rg3 Re8+ 51. Kf4 Rf2 52. Bd3 Rxh2 53.
Rg1 Rh3 54. Rf1 Re7 55. a4 Bb3 56. Bb5 Bxa4 57. Bc4+ Ke8 58. Kg5 Bd7 59. Kxg6 f4
60. Bd5 Bb5 61. Rd1 Rh2 62. Bf6 Rg2+ 63. Kf5 Bd7+ 64. Kxf4 Ree2 65. Rh1 Rh2 66.
Rg1 Be6 67. Be4 Reg2 68. Rc1 Kd7 69. Bc6+ Kd6 70. Be4 Rxb2 71. Be5+ Kd7 72. Rc7+
Kd8 73. Rb7 Rb4 74. Kg5 Rb5 1/2-1/2

[Event "Najdorf Mem Open A 2014"]
[Site "Warsaw POL"]
[Date "2014.07.14"]
[Round "1.41"]
[White "Nowak, Lukasz2"]
[Black "Dionisi, Thomas"]
[Result "0-1"]
[BlackTitle "FM"]
[WhiteElo "2110"]
[BlackElo "2393"]
[WhiteFideId "1166760"]
[BlackFideId "651893"]
[EventDate "2014.07.14"]

1. e4 c5 2. Nf3 Nc6 3. d4 cxd4 4. Nxd4 Nf6 5. Nc3 d6 6. Bg5 e6 7. Qd2 a6 8.
O-O-O Bd7 9. f3 b5 10. Nxc6 Bxc6 11. Ne2 Qc7 12. Nd4 Bd7 13. Kb1 Be7 14. h4 h6
15. Be3 h5 16. Bg5 Rb8 17. Rc1 Qb6 18. c4 bxc4 19. Bxc4 a5 20. Be3 Qb7 21. Qe2
O-O 22. Ba6 Qa8 23. Rc7 Bd8 24. Rc3 e5 25. Nb3 a4 26. Nd2 Be6 27. Rhc1 Bb6 28.
Bc4 d5 29. exd5 Nxd5 30. Bxd5 Qxd5 31. Qc4 Qxc4 32. Nxc4 Bxc4 33. Bxb6 Bxa2+ 34.
Kxa2 Rxb6 35. Rc4 Rfb8 36. R1c2 Rb4 37. g3 Rb3 38. R4c3 Rxc3 39. bxc3 f5 40. Ka3
e4 0-1

[Event "Najdorf Mem Open A 2014"]
[Site "Warsaw POL"]
[Date "2014.07.14"]
[Round "1.42"]
[White "Jakubiec, Edyta"]
[Black "Cabezas Ayala, Ivan"]
[Result "1-0"]
[WhiteTitle "WIM"]
[BlackTitle "FM"]
[WhiteElo "2189"]
[BlackElo "2333"]
[WhiteFideId "1114158"]
[BlackFideId "2207710"]
[EventDate "2014.07.14"]

1. e4 e5 2. Nf3 Nc6 3. Bc4 Nf6 4. d3 Be7 5. O-O d6 6. c3 O-O 7. Bb3 h6 8. Nbd2
Nh7 9. Re1 Kh8 10. d4 f5 11. dxe5 Nxe5 12. Nxe5 dxe5 13. exf5 Bxf5 14. Nc4 e4
15. Qxd8 Bxd8 16. Ne5 Nf6 17. Nf7+ Kh7 18. Bf4 Bg6 19. Nxd8 Raxd8 20. Rad1 c6
21. Bc7 Rxd1 22. Rxd1 Bf7 23. Bc2 Re8 24. a3 Bd5 25. h3 Kg8 26. Bf4 a6 27. a4
Bf7 28. Re1 Bg6 29. Be3 Nd5 30. Bd4 Nf4 31. b4 Nd3 32. Re2 Nf4 33. Re1 Nd3 34.
Re2 Nf4 35. Re3 Nd5 36. Rg3 e3 37. Bd1 exf2+ 38. Kxf2 Kh7 39. Bc2 Rf8+ 40. Ke1
Nf4 41. Kd2 Rf7 42. Rxg6 Nxg6 43. h4 Kh8 44. Bxg6 Rf4 45. Ke3 Rxh4 46. Bf5 Rh1
47. Kf2 a5 48. bxa5 Ra1 49. Bc8 Rxa4 50. Bxb7 Rxa5 51. Bxc6 Kg8 52. c4 Kf7 53.
Bd5+ Kf8 54. Kf3 g6 55. Ke4 Ke7 56. Ke5 h5 57. Be3 Kd7 58. c5 h4 59. c6+ Kc7 60.
Bf4 Ra4 61. Bh2 g5 62. Kf5+ 1-0

[Event "Najdorf Mem Open A 2014"]
[Site "Warsaw POL"]
[Date "2014.07.15"]
[Round "2.1"]
[White "Areshchenko, Alexander"]
[Black "Duda, Jan-Krzysztof"]
[Result "1-0"]
[WhiteTitle "GM"]
[BlackTitle "GM"]
[WhiteElo "2701"]
[BlackElo "2580"]
[WhiteFideId "14109530"]
[BlackFideId "1170546"]
[EventDate "2014.07.14"]

1. e4 e5 2. Nf3 Nc6 3. Bb5 Nf6 4. d3 Bc5 5. c3 O-O 6. O-O Re8 7. b4 Bb6 8. Bc4
d6 9. a4 a5 10. b5 Ne7 11. Qb3 Rf8 12. Ba3 Ng6 13. Nbd2 Bg4 14. h3 Bxf3 15. Nxf3
Nh5 16. Kh2 Qf6 17. Qd1 c6 18. g3 Rfd8 19. bxc6 bxc6 20. Bc1 h6 21. Ng1 d5 22.
exd5 cxd5 23. Bb5 Bxf2 24. Kg2 Nxg3 25. Rxf2 Nf5 26. Kh2 Rac8 27. Qg4 Nge7 28.
Ba3 Qb6 29. Rg2 g6 30. Bxe7 Nxe7 31. Ne2 Kh7 32. Qg3 Qe6 33. Re1 Nf5 34. Qf2 e4
35. Kg1 Qe7 36. dxe4 dxe4 37. Ng3 Nd6 38. c4 f5 39. h4 Qe5 40. Ne2 Nxc4 41. Bxc4
Rxc4 42. Qb6 Rd6 43. Qa7+ Qg7 44. Qxa5 Qd7 45. Qe5 Rxa4 46. Nf4 Ra8 47. h5 g5
48. Ng6 Re8 49. Qa1 Qg7 50. Qa5 Qd4+ 51. Kh1 Qd5 52. Qc7+ Rd7 53. Qb6 Rd6 54.
Qb2 e3 55. Kg1 Qd4 56. Qb5 Qe4 57. Rc1 e2 58. Re1 Rd1 59. Qa5 Qd4+ 60. Kh2 Qd6+
61. Kh1 Ra8 62. Qc3 Rc8 63. Qa5 Rc5 64. Qb4 Rd3 65. Rgxe2 Qc6+ 66. Kg1 Rd7 67.
Re7+ Rxe7 68. Rxe7+ Kg8 69. Qb8+ 1-0

[Event "Najdorf Mem Open A 2014"]
[Site "Warsaw POL"]
[Date "2014.07.15"]
[Round "2.2"]
[White "Piorun, Kacper"]
[Black "Cheparinov, Ivan"]
[Result "0-1"]
[WhiteTitle "GM"]
[BlackTitle "GM"]
[WhiteElo "2577"]
[BlackElo "2690"]
[WhiteFideId "1130420"]
[BlackFideId "2905540"]
[EventDate "2014.07.14"]

1. c4 g6 2. g3 Bg7 3. Bg2 Nf6 4. Nc3 O-O 5. e4 d6 6. Nge2 e5 7. O-O c6 8. d3 a6
9. a4 a5 10. h3 Na6 11. Bg5 Nc5 12. f4 h6 13. Bh4 Ne6 14. Qd2 exf4 15. Bxf6 Qxf6
16. gxf4 Nd4 17. Rae1 Nxe2+ 18. Qxe2 Qd4+ 19. Kh1 f5 20. Qf3 fxe4 21. Nxe4 Bf5
22. Ng3 Qxd3 23. Nxf5 Qxf5 24. Qb3 Rf7 25. Be4 Qh5 26. Qd3 Rf6 27. Rg1 Qh4 28.
Re3 Rxf4 29. Rxg6 Kh8 30. Rxd6 Raf8 31. Bg2 Rxc4 32. Rd7 Rc1+ 33. Kh2 Qf2 34.
Ree7 Rg8 35. Qe3 Qxe3 36. Rxe3 Rc2 37. Kh1 Rxb2 38. Bf3 Rf8 39. Be2 Rb1+ 40. Kg2
Rb2 41. Ree7 b5 42. axb5 cxb5 43. Kg3 Rg8 44. Kf3 a4 45. Ra7 a3 46. Re3 Bd4 47.
Raxa3 Bxe3 48. Rxe3 Rg6 49. Bd1 Rf6+ 50. Kg3 Rd2 51. Bh5 Rd8 52. Rb3 Rg8+ 53.
Kh4 Rf4+ 54. Bg4 Rg5 55. Kg3 Rc4 56. Kf2 b4 57. Be2 Rf5+ 0-1